000
00444nam a2200145Ia 4500
008
090122s9999 xx 000 0 und d
082
_b
3540
_a
613
100
_a
डहाणूकर
_b
शरदिनी
_c
डॉ
245
_a
औषधं आणि आपण
600
_a
डहाणूकर
630
_a
औषधं आणि आपण
700
_a
डहाणूकर
730
_a
औषधं आणि आपण
942
_c
BOOK
999
_c
27618
_d
27618